| 000 | 00757nam a2200193Ia 4500 | ||
|---|---|---|---|
| 003 | GCL | ||
| 008 | 140319s9999 xx 000 0 ara d | ||
| 040 |
_aGCL / _cGCL |
||
| 082 | 0 | 4 |
_a060 _bل م |
| 100 | 1 | _aلاكوست، ميشيل كونيل | |
| 245 | 1 | 0 |
_aمسيرة نحو غاية جليلة اليونسكو 1946 - 1993 : البشر والاحداث والانجازات / _cلاكوست، ميشيل كونيل |
| 260 |
_a[S.N] : _bمركز دراسات الوحدة العربية ، _c1995 |
||
| 300 | _a404 ص | ||
| 490 |
_aالهيئة العامة للاستعلامات _v0 |
||
| 650 | 0 | 4 | _aاليونسكو |
| 650 | 0 | 4 | _aالمنظمات الدولية |
| 650 | 0 | 4 | _aمنظمة الامم المتحدة للتربية |
| 942 |
_2ddc _cBK |
||
| 999 |
_c48921 _d48921 |
||